[Event "EU Universities Rapid"]
[Site "Lodz"]
[Date "2022.07.18"]
[Round "9.15"]
[White "Fronczak, Sebastian"]
[Black "Nagybiro, Laszlo"]
[Result "1/2-1/2"]
[WhiteElo "1936"]
[BlackElo "2160"]
[PlyCount "102"]
[EventDate "2022.07.16"]
[EventType "team-swiss (rapid)"]
[EventRounds "9"]
[EventCountry "POL"]
[SourceTitle "CBM 209 Extra"]
[Source "ChessBase"]
[SourceDate "2022.09.30"]
[SourceVersion "1"]
[SourceVersionDate "2022.09.30"]
[SourceQuality "1"]
[WhiteTeam "Lodz Univ"]
[BlackTeam "Pecs Univ"]
[WhiteTeamCountry "POL"]
[BlackTeamCountry "HUN"]

1. e4 c5 2. c3 d5 3. exd5 Qxd5 4. d4 Nc6 5. dxc5 Qxc5 6. Be3 Qa5 7. Na3 e5 8. Nb5 a6 9. Nd6+ Bxd6 10. Qxd6 Be6 11. b4 Qd8 12. Qxd8+ Rxd8 13. Nf3 f6 14. a4 Nge7 15. b5 Nb8 16. c4 Rc8 17. Rc1 Nd7 18. Bd3 Nc5 19. Bxc5 Rxc5 20. Nd2 axb5 21. Ne4 Rc7 22. axb5 0-0 23. b6 Rc6 24. c5 Rfc8 25. 0-0 Rd8 26. Nd6 Rcxd6 27. cxd6 Rxd6 28. Be4 Rxb6 29. Rb1 Rd6 30. Rxb7 Nf5 31. Ra1 Rd8 32. Bxf5 Bxf5 33. h3 Rd7 34. Rxd7 Bxd7 35. Ra7 Bf5 36. Kh2 h5 37. Kg3 Kh7 38. f4 exf4+ 39. Kxf4 Bd3 40. h4 Kg6 41. Ra3 Bc2 42. Rc3 Bb1 43. Rg3+ Kh6 44. Ke3 Bf5 45. Kd4 Bg4 46. Rb3 g5 47. hxg5+ Kxg5 48. g3 h4 49. Rb5+ f5 50. gxh4+ Kxh4 51. Rxf5 Bxf5 1/2-1/2

[Event "EU Universities Rapid"]
[Site "Lodz"]
[Date "2022.07.18"]
[Round "7.17"]
[White "Grimm, Daniel"]
[Black "Fronczak, Sebastian"]
[Result "1-0"]
[WhiteElo "2300"]
[BlackElo "1936"]
[PlyCount "45"]
[EventDate "2022.07.16"]
[EventType "team-swiss (rapid)"]
[EventRounds "9"]
[EventCountry "POL"]
[SourceTitle "CBM 209 Extra"]
[Source "ChessBase"]
[SourceDate "2022.09.30"]
[SourceVersion "1"]
[SourceVersionDate "2022.09.30"]
[SourceQuality "1"]
[WhiteTeam "Eotvos Lorand Univ"]
[BlackTeam "Lodz Univ"]
[WhiteTeamCountry "HUN"]
[BlackTeamCountry "POL"]

1. e4 e6 2. d4 d5 3. Nc3 Bb4 4. a3 Bxc3+ 5. bxc3 dxe4 6. Qg4 Nf6 7. Qxg7 Rg8 8. Qh6 Rg6 9. Qd2 Nc6 10. Bb2 b6 11. 0-0-0 Na5 12. c4 Ba6 13. Qc3 Qd7 14. Nh3 0-0-0 15. Nf4 Rg5 16. h4 Rf5 17. g3 Qa4 18. Bh3 Rxf4 19. gxf4 Bxc4 20. f5 Nd5 21. Qe1 Qc6 22. fxe6 Bd3 23. e7+ 1-0

[Event "Krakow op-B 29th"]
[Site "Krakow"]
[Date "2019.01.04"]
[Round "9"]
[White "Fronczak, Sebastian"]
[Black "Andronescu, Madalin"]
[Result "1/2-1/2"]
[WhiteElo "1912"]
[BlackElo "2070"]
[PlyCount "55"]
[EventDate "2018.12.27"]
[EventType "swiss"]
[EventRounds "9"]
[EventCountry "POL"]
[SourceTitle "CBM 189 Extra"]
[Source "ChessBase"]
[SourceDate "2019.06.03"]
[SourceVersion "1"]
[SourceVersionDate "2019.06.03"]
[SourceQuality "1"]

1. e4 c5 2. Nf3 d6 3. d4 cxd4 4. Nxd4 Nf6 5. Nc3 g6 6. Be3 Bg7 7. f3 0-0 8. Qd2 Nc6 9. 0-0-0 d5 10. Qe1 e5 11. Nxc6 bxc6 12. exd5 Nxd5 13. Bc5 Qg5+ 14. Kb1 Nxc3+ 15. Qxc3 e4 16. Bd4 Bxd4 17. Rxd4 exf3 18. gxf3 Be6 19. h4 Qe5 20. Bd3 c5 21. Rc4 Qxc3 22. Rxc3 Bd5 23. Rxc5 Bxf3 24. Rf1 Rae8 25. a4 Be2 26. Bxe2 Rxe2 27. Rf4 f5 28. b4 1/2-1/2

[Event "Krakow op-B 29th"]
[Site "Krakow"]
[Date "2018.12.31"]
[Round "6"]
[White "Popescu, Florin"]
[Black "Fronczak, Sebastian"]
[Result "1/2-1/2"]
[WhiteElo "2099"]
[BlackElo "1912"]
[PlyCount "23"]
[EventDate "2018.12.27"]
[EventType "swiss"]
[EventRounds "9"]
[EventCountry "POL"]
[SourceTitle "CBM 189 Extra"]
[Source "ChessBase"]
[SourceDate "2019.06.03"]
[SourceVersion "1"]
[SourceVersionDate "2019.06.03"]
[SourceQuality "1"]

1. d4 Nf6 2. Nf3 g6 3. e3 Bg7 4. Bd3 0-0 5. 0-0 d6 6. c4 c5 7. b3 Nc6 8. Bb2 Bg4 9. Be2 Re8 10. Nc3 cxd4 11. Nxd4 Bxe2 12. Ncxe2 1/2-1/2

[Event "Krakow op-B 28th"]
[Site "Krakow"]
[Date "2018.01.04"]
[Round "9"]
[White "Kepowicz, Artur"]
[Black "Fronczak, Sebastian"]
[Result "1/2-1/2"]
[WhiteElo "1856"]
[BlackElo "1948"]
[PlyCount "93"]
[EventDate "2017.12.27"]
[EventType "swiss"]
[EventRounds "9"]
[EventCountry "POL"]
[SourceTitle "CBM 182 Extra"]
[Source "ChessBase"]
[SourceDate "2018.02.23"]
[SourceVersion "1"]
[SourceVersionDate "2018.02.23"]
[SourceQuality "1"]

1. e4 e6 2. d4 d5 3. Nd2 Nf6 4. e5 Nfd7 5. c3 c5 6. f4 Nc6 7. Ndf3 g6 8. a3 cxd4 9. cxd4 Bg7 10. Bd3 f6 11. Ne2 Qb6 12. Qc2 0-0 13. b4 fxe5 14. dxe5 Ndxe5 15. Nxe5 Nxe5 16. fxe5 Qf2+ 17. Kd1 Qxg2 18. Rg1 Rf1+ 19. Rxf1 Qxf1+ 20. Kd2 Bd7 21. Bb2 Qf2 22. Bd4 Bh6+ 23. Kc3 Be3 24. Bxe3 Qxe3 25. Kb3 Rc8 26. Qd1 Bb5 27. Rc1 Bc4+ 28. Kb2 Qxe5+ 29. Kb1 b5 30. Bxc4 Rxc4 31. Rxc4 bxc4 32. Nd4 Qe4+ 33. Nc2 e5 34. Qe1 Qxe1+ 35. Nxe1 Kf7 36. Nf3 Ke6 37. a4 e4 38. Nd4+ Ke5 39. Nc6+ Kf4 40. b5 e3 41. Kc2 Kf3 42. a5 e2 43. Nd4+ Kf2 44. Nxe2 Kxe2 45. b6 axb6 46. axb6 d4 47. b7 1/2-1/2

[Event "Krakow op-B 28th"]
[Site "Krakow"]
[Date "2017.12.31"]
[Round "6"]
[White "Fronczak, Sebastian"]
[Black "Tardi, Oscar"]
[Result "1/2-1/2"]
[WhiteElo "1948"]
[BlackElo "1819"]
[PlyCount "54"]
[EventDate "2017.12.27"]
[EventType "swiss"]
[EventRounds "9"]
[EventCountry "POL"]
[SourceTitle "CBM 182 Extra"]
[Source "ChessBase"]
[SourceDate "2018.02.23"]
[SourceVersion "1"]
[SourceVersionDate "2018.02.23"]
[SourceQuality "1"]

1. e4 c5 2. c3 d5 3. exd5 Qxd5 4. d4 Nc6 5. Nf3 Nf6 6. Na3 cxd4 7. Nb5 Qd7 8. Nbxd4 a6 9. Be2 e6 10. 0-0 Be7 11. Bf4 0-0 12. Qc2 h6 13. Rad1 Nd5 14. Bg3 Bd6 15. Nxc6 Qxc6 16. Bxd6 Qxd6 17. c4 Qc7 18. Qd2 Nf4 19. Rfe1 Nxe2+ 20. Qxe2 Bd7 21. Ne5 Rfd8 22. Nxd7 Rxd7 23. Rxd7 Qxd7 24. Rd1 Qc6 25. h3 Rc8 26. b3 b5 27. cxb5 axb5 1/2-1/2

[Event "Suwalki Warakomska Memorial-B 1st"]
[Site "Suwalki"]
[Date "2017.08.18"]
[Round "9"]
[White "Fronczak, Sebastian"]
[Black "Janulek, Dawid"]
[Result "0-1"]
[WhiteElo "1926"]
[BlackElo "2006"]
[PlyCount "46"]
[EventDate "2017.08.11"]
[EventType "swiss"]
[EventRounds "9"]
[EventCountry "POL"]
[SourceTitle "CBM 180 Extra"]
[Source "ChessBase"]
[SourceDate "2017.10.06"]
[SourceVersion "1"]
[SourceVersionDate "2017.10.06"]
[SourceQuality "1"]

1. e4 c5 2. Nf3 d6 3. d4 cxd4 4. Nxd4 Nf6 5. f3 e5 6. Bb5+ Bd7 7. Bxd7+ Qxd7 8. Nf5 g6 9. Ne3 Nc6 10. Nc3 Be7 11. 0-0 0-0 12. Ncd5 Nd4 13. c3 Ne6 14. b3 Rfd8 15. Ba3 Nxd5 16. Nxd5 Rac8 17. Qd3 Nc7 18. Nxc7 Qxc7 19. c4 d5 20. Bxe7 dxc4 21. Qxd8+ Rxd8 22. Bxd8 Qxd8 23. bxc4 Qd4+ 0-1

[Event "Krakow op-B 26th"]
[Site "Krakow"]
[Date "2015.12.27"]
[Round "1"]
[White "Krasiewicz, Robert"]
[Black "Fronczak, Sebastian"]
[Result "1-0"]
[WhiteElo "2073"]
[BlackElo "1872"]
[PlyCount "67"]
[EventDate "2015.12.27"]
[EventType "swiss"]
[EventRounds "9"]
[EventCountry "POL"]
[SourceTitle "CBM 170 Extra"]
[Source "ChessBase"]
[SourceDate "2016.02.25"]
[SourceVersion "1"]
[SourceVersionDate "2016.02.25"]
[SourceQuality "1"]

1. c4 Nf6 2. Nc3 g6 3. g3 Bg7 4. Bg2 0-0 5. e4 d6 6. Nge2 c5 7. 0-0 Nc6 8. d3 a6 9. h3 Rb8 10. f4 Qc7 11. a4 e6 12. Be3 Nb4 13. Rc1 Rd8 14. d4 cxd4 15. Bxd4 Nc6 16. Bf2 Qe7 17. Bb6 Re8 18. Qd2 e5 19. Nd5 Qd7 20. f5 gxf5 21. Rxf5 Nxd5 22. cxd5 Ne7 23. Rf2 Rf8 24. Rc7 Qe8 25. Qb4 Ng6 26. Qxd6 Qxa4 27. Nc3 Qb3 28. Bf1 a5 29. Bxa5 b5 30. Rfxf7 Rxf7 31. Rxf7 Kxf7 32. Qxb8 Bd7 33. Qc7 Nf4 34. Bxb5 1-0

[Event "Krakow op-B 25th"]
[Site "Krakow"]
[Date "2015.01.02"]
[Round "7"]
[White "Ziaja, Krystian"]
[Black "Fronczak, Sebastian"]
[Result "1-0"]
[WhiteElo "1907"]
[BlackElo "1992"]
[PlyCount "75"]
[EventDate "2014.12.27"]
[EventType "swiss"]
[EventRounds "9"]
[EventCountry "POL"]
[SourceTitle "CBM 164 Extra"]
[Source "ChessBase"]
[SourceDate "2015.03.02"]
[SourceVersion "1"]
[SourceVersionDate "2015.03.02"]
[SourceQuality "1"]

1. e4 e6 2. d4 d5 3. exd5 exd5 4. Nf3 Nf6 5. Bd3 Nc6 6. 0-0 Be7 7. Bf4 Bg4 8. c3 Qd7 9. Nbd2 0-0-0 10. b4 Bd6 11. Bxd6 Qxd6 12. a4 Ne7 13. b5 Ng6 14. Qc2 Bxf3 15. Nxf3 Qf4 16. a5 Rd6 17. c4 Ng4 18. Bf5+ Kb8 19. Rfc1 Rf6 20. Bxg4 Qxg4 21. cxd5 Nf4 22. Qxc7+ Ka8 23. Nh4 Ne2+ 24. Kf1 Nxc1 25. Rxc1 Rb8 26. Nf3 Qf4 27. Qc4 g5 28. Rc2 Rh6 29. b6 a6 30. Qc7 Qxc7 31. bxc7 Rc8 32. Rc5 b6 33. Rc6 Rxc6 34. dxc6 Rxc7 35. d5 Rc8 36. axb6 Kb8 37. Ne5 a5 38. d6 1-0

[Event "Rewal op-B 19th"]
[Site "Rewal"]
[Date "2014.08.26"]
[Round "7"]
[White "Mucha, Piotr"]
[Black "Fronczak, Sebastian"]
[Result "0-1"]
[WhiteElo "2019"]
[BlackElo "1859"]
[PlyCount "56"]
[EventDate "2014.08.19"]
[EventType "swiss"]
[EventRounds "9"]
[EventCountry "POL"]
[SourceTitle "EXT 2015"]
[Source "ChessBase"]
[SourceDate "2014.11.20"]
[SourceVersion "1"]
[SourceVersionDate "2014.11.20"]
[SourceQuality "1"]

1. e4 e6 2. d4 d5 3. Nc3 Bb4 4. e5 c5 5. a3 Bxc3+ 6. bxc3 Qa5 7. Bd2 Qa4 8. Qg4 Kf8 9. Qd1 b6 10. c4 Ne7 11. Nf3 Ba6 12. dxc5 bxc5 13. c3 Qxd1+ 14. Rxd1 Nd7 15. Be3 Rc8 16. Bd3 Nb6 17. cxd5 Bxd3 18. Rxd3 Nexd5 19. Bd2 Nc4 20. Bc1 Ke7 21. 0-0 h6 22. Re1 Rb8 23. Nd2 Nxd2 24. Rxd2 c4 25. Re4 Rhc8 26. Rb2 Rxb2 27. Bxb2 Rb8 28. Re2 Nf4 0-1

[Event "EU-ch rapid"]
[Site "Warsaw"]
[Date "2013.12.14"]
[Round "4"]
[White "Bartel, Marta"]
[Black "Fronczak, Sebastian"]
[Result "1-0"]
[WhiteElo "2306"]
[BlackElo "1834"]
[PlyCount "37"]
[EventDate "2013.12.14"]
[EventType "swiss (rapid)"]
[EventRounds "11"]
[EventCountry "POL"]
[SourceTitle "CBM 157 Extra"]
[Source "ChessBase"]
[SourceDate "2013.12.19"]
[SourceVersion "1"]
[SourceVersionDate "2013.12.19"]
[SourceQuality "1"]

1. d4 Nf6 2. Nf3 c5 3. d5 d6 4. Nc3 g6 5. e4 Bg7 6. Be2 0-0 7. 0-0 e6 8. h3 exd5 9. exd5 a6 10. a4 Re8 11. Bf4 Ne4 12. Nxe4 Rxe4 13. Bg5 Qc7 14. Bd3 Re8 15. Re1 Bd7 16. c3 Ra7 17. Rxe8+ Bxe8 18. Qe2 Ra8 19. Qxe8+ 1-0

[Event "Rewal op-B 18th"]
[Site "Rewal"]
[Date "2013.08.26"]
[Round "6"]
[White "Fronczak, Sebastian"]
[Black "Vakhitov, Dmitry"]
[Result "1-0"]
[WhiteElo "1859"]
[BlackElo "1664"]
[PlyCount "121"]
[EventDate "2013.08.20"]
[EventType "swiss"]
[EventRounds "9"]
[EventCountry "POL"]
[SourceTitle "CBM 156 Extra"]
[Source "ChessBase"]
[SourceDate "2013.10.22"]
[SourceVersion "1"]
[SourceVersionDate "2013.10.22"]
[SourceQuality "1"]

1. e4 c5 2. Nf3 d6 3. d4 cxd4 4. Nxd4 Nf6 5. f3 g6 6. c4 Bg7 7. Nc3 0-0 8. Be3 Bd7 9. Be2 Qc7 10. Qd2 Rc8 11. 0-0 Nc6 12. Rac1 Nxd4 13. Bxd4 b6 14. Kh1 Bc6 15. Nd5 Bxd5 16. cxd5 Qb7 17. Bb5 Rxc1 18. Rxc1 Rc8 19. Bc6 Qc7 20. Rc4 Nh5 21. Bxg7 Nxg7 22. Qc3 Qd8 23. g3 Rc7 24. a4 Nh5 25. a5 bxa5 26. Qxa5 Qb8 27. Qc3 Qb6 28. Rb4 Qa6 29. Rb8+ Rc8 30. Rxc8+ Qxc8 31. Qa5 Qb8 32. b4 Nf6 33. Qb5 Qxb5 34. Bxb5 e5 35. Kg2 Kf8 36. Kf2 Ke7 37. Ke3 Ng8 38. Kd3 f6 39. f4 Kd8 40. h4 h6 41. Ke3 Ke7 42. Kf3 Kf7 43. Bd7 Ne7 44. Ke3 exf4+ 45. gxf4 f5 46. Be6+ Kf6 47. b5 fxe4 48. Kxe4 Nf5 49. Bxf5 gxf5+ 50. Kd4 Ke7 51. Kc4 Kd7 52. Kb4 Kc7 53. Ka5 Kb7 54. h5 Ka8 55. Ka6 Kb8 56. b6 Ka8 57. Kb5 Kb7 58. bxa7 Kxa7 59. Kc6 Kb8 60. Kxd6 Kc8 61. Ke7 1-0

[Event "Kochan Memorial op 24th"]
[Site "Koszalin"]
[Date "2013.08.17"]
[Round "9"]
[White "Fronczak, Sebastian"]
[Black "Kozlowski, Konrad"]
[Result "1-0"]
[WhiteElo "1859"]
[BlackElo "1515"]
[PlyCount "67"]
[EventDate "2013.08.10"]
[EventType "swiss"]
[EventRounds "9"]
[EventCountry "POL"]
[SourceTitle "CBM 155 Extra"]
[Source "ChessBase"]
[SourceDate "2013.08.26"]
[SourceVersion "1"]
[SourceVersionDate "2013.08.26"]
[SourceQuality "1"]

1. e4 e5 2. Nf3 Nc6 3. Bb5 a6 4. Bxc6 dxc6 5. 0-0 Bg4 6. h3 h5 7. d3 Bxf3 8. Qxf3 Qd7 9. Be3 0-0-0 10. Rd1 f6 11. h4 Ne7 12. Nd2 Kb8 13. a3 Ng6 14. g3 Bd6 15. c4 Rdf8 16. c5 Be7 17. Qf5 Qe8 18. b4 Rfg8 19. a4 Nf8 20. Rdb1 g6 21. Qf3 Ne6 22. Qd1 Nd4 23. Bxd4 exd4 24. Qc2 Qd7 25. b5 cxb5 26. axb5 Ka7 27. bxa6 b6 28. cxb6+ cxb6 29. Rxb6 Kxb6 30. Rb1+ Ka7 31. Rb7+ Qxb7 32. axb7 Kxb7 33. Nf3 Rd8 34. Qc4 1-0

[Event "Kochan Memorial op 24th"]
[Site "Koszalin"]
[Date "2013.08.15"]
[Round "7"]
[White "Fronczak, Sebastian"]
[Black "Kucharski, Krzysztof"]
[Result "1/2-1/2"]
[WhiteElo "1859"]
[BlackElo "1864"]
[PlyCount "130"]
[EventDate "2013.08.10"]
[EventType "swiss"]
[EventRounds "9"]
[EventCountry "POL"]
[SourceTitle "CBM 155 Extra"]
[Source "ChessBase"]
[SourceDate "2013.08.26"]
[SourceVersion "1"]
[SourceVersionDate "2013.08.26"]
[SourceQuality "1"]

1. e4 b6 2. d4 Bb7 3. Nc3 g6 4. f4 Bg7 5. Nf3 Nf6 6. Bd3 e6 7. Be3 Qe7 8. Qd2 d5 9. e5 Ng4 10. 0-0-0 Nxe3 11. Qxe3 a6 12. g4 Bh6 13. h4 c5 14. h5 c4 15. hxg6 hxg6 16. Be2 Nd7 17. Rh2 b5 18. Rdh1 Qf8 19. Nd1 b4 20. g5 Bg7 21. Rxh8 Bxh8 22. Kd2 Nb6 23. Ke1 Bc6 24. Kf2 Bg7 25. Nh2 Kd8 26. Ng4 Nc8 27. Nf6 Ne7 28. Bg4 Rb8 29. Kf3 Kc7 30. Qd2 Bxf6 31. gxf6 Nf5 32. Bxf5 exf5 33. Rh7 Bd7 34. Ne3 Be6 35. Qg2 Kc6 36. Kf2 b3 37. axb3 Qb4 38. Kf1 c3 39. bxc3 Qxc3 40. Qe2 Rb6 41. Qf3 Rb4 42. Qe2 Kb6 43. Rh3 Qa1+ 44. Kg2 Qxd4 45. Rf3 Qe4 46. Qd1 d4 47. c3 Rxb3 48. Qxd4+ Qxd4 49. cxd4 Rd3 50. d5 Bxd5 51. Nxd5+ Rxd5 52. Rc3 Rd7 53. Rg3 a5 54. Rxg6 a4 55. Rg3 Kb5 56. Kh3 Kc5 57. Kh4 Kd4 58. Kg5 Ke4 59. Rg1 a3 60. Re1+ Kf3 61. Kxf5 a2 62. Ra1 Ra7 63. Kg5 Ke4 64. Re1+ Kd5 65. Rd1+ Ke4 1/2-1/2

[Event "Kochan Memorial op 24th"]
[Site "Koszalin"]
[Date "2013.08.14"]
[Round "6"]
[White "Trzeciakiewicz, Michal"]
[Black "Fronczak, Sebastian"]
[Result "0-1"]
[WhiteElo "1543"]
[BlackElo "1859"]
[PlyCount "58"]
[EventDate "2013.08.10"]
[EventType "swiss"]
[EventRounds "9"]
[EventCountry "POL"]
[SourceTitle "CBM 155 Extra"]
[Source "ChessBase"]
[SourceDate "2013.08.26"]
[SourceVersion "1"]
[SourceVersionDate "2013.08.26"]
[SourceQuality "1"]

1. e4 e6 2. d4 d5 3. Nc3 Bb4 4. e5 c5 5. a3 Bxc3+ 6. bxc3 Qa5 7. Bd2 Qa4 8. Qg4 Kf8 9. Nf3 Qxc2 10. Be2 Ne7 11. 0-0 Nbc6 12. h4 h5 13. Qh3 c4 14. Bd1 Qf5 15. Qh2 Bd7 16. Rc1 Na5 17. Bc2 Qg4 18. Ng5 Nf5 19. g3 Qe2 20. Bf4 Nb3 21. Bxb3 cxb3 22. Rfe1 Qb2 23. Qg2 Bb5 24. c4 Bc6 25. cxd5 Bxd5 26. Qf1 Qxa3 27. Rc7 Ne7 28. Qb5 Bc6 29. Qd3 Qa5 0-1

[Event "Kochan Memorial op 24th"]
[Site "Koszalin"]
[Date "2013.08.11"]
[Round "2"]
[White "Sieciechowicz, Marcin"]
[Black "Fronczak, Sebastian"]
[Result "1-0"]
[WhiteElo "2458"]
[BlackElo "1859"]
[PlyCount "55"]
[EventDate "2013.08.10"]
[EventType "swiss"]
[EventRounds "9"]
[EventCountry "POL"]
[SourceTitle "CBM 155 Extra"]
[Source "ChessBase"]
[SourceDate "2013.08.26"]
[SourceVersion "1"]
[SourceVersionDate "2013.08.26"]
[SourceQuality "1"]

1. d4 Nf6 2. c4 c5 3. d5 b5 4. Nf3 d6 5. cxb5 a6 6. b6 Qxb6 7. Nc3 Nbd7 8. a4 g6 9. a5 Qb4 10. Nd2 Bg7 11. e4 0-0 12. Be2 Ne8 13. 0-0 Nc7 14. Nc4 Qb8 15. Na4 Ra7 16. Nab6 Nf6 17. Bd3 Bd7 18. Rb1 Bb5 19. Qe2 Nd7 20. b4 Rb7 21. Nxd7 Bxd7 22. Nb6 Bb5 23. bxc5 dxc5 24. Bf4 Bxd3 25. Qxd3 Rd8 26. Bxc7 Qxc7 27. Qxa6 Bc3 28. Na8 1-0

[Event "Kochan Memorial op 24th"]
[Site "Koszalin"]
[Date "2013.08.10"]
[Round "1"]
[White "Fronczak, Sebastian"]
[Black "Krzywnicka, Maria"]
[Result "1-0"]
[WhiteElo "1859"]
[BlackElo "1372"]
[PlyCount "41"]
[EventDate "2013.08.10"]
[EventType "swiss"]
[EventRounds "9"]
[EventCountry "POL"]
[SourceTitle "CBM 155 Extra"]
[Source "ChessBase"]
[SourceDate "2013.08.26"]
[SourceVersion "1"]
[SourceVersionDate "2013.08.26"]
[SourceQuality "1"]

1. e4 e5 2. Nf3 Nc6 3. Bb5 Nf6 4. Nc3 Bc5 5. 0-0 d6 6. d3 0-0 7. Be3 Bb6 8. Bxc6 bxc6 9. a4 a5 10. h3 Bb7 11. Qd2 c5 12. Bg5 c6 13. Rae1 Re8 14. Nh2 d5 15. Ng4 d4 16. Ne2 Qd6 17. Bxf6 gxf6 18. Nh6+ Kf8 19. Nf5 Qd7 20. Qh6+ Kg8 21. Qg7# 1-0

[Event "Olsztyn op U18 rapid"]
[Site "Olsztyn"]
[Date "2013.08.01"]
[Round "3"]
[White "Fronczak, Sebastian"]
[Black "Kaczmarek, Aleksander"]
[Result "1-0"]
[WhiteElo "1859"]
[BlackElo "2147"]
[PlyCount "137"]
[EventDate "2013.08.01"]
[EventType "swiss (rapid)"]
[EventRounds "11"]
[EventCountry "POL"]
[SourceTitle "CBM 155 Extra"]
[Source "ChessBase"]
[SourceDate "2013.08.26"]
[SourceVersion "1"]
[SourceVersionDate "2013.08.26"]
[SourceQuality "1"]

1. e4 c6 2. Nc3 d5 3. Nf3 Bg4 4. h3 Bh5 5. exd5 cxd5 6. Bb5+ Nc6 7. g4 Bg6 8. Ne5 Rc8 9. d4 e6 10. Bf4 Bd6 11. h4 f6 12. Nxg6 hxg6 13. Qd2 Nge7 14. 0-0-0 a6 15. Bxc6+ Rxc6 16. h5 g5 17. Bxd6 Qxd6 18. Ne2 Kd7 19. Kb1 Rhc8 20. c3 b5 21. Nc1 b4 22. Rh3 bxc3 23. Rxc3 Rxc3 24. bxc3 Qf4 25. Qxf4 gxf4 26. Kc2 e5 27. Nb3 e4 28. Nc5+ Kd6 29. Rb1 Nc6 30. Rb7 Rc7 31. Rxc7 Kxc7 32. Ne6+ Kd6 33. Nxg7 Ke7 34. h6 Kf7 35. Nh5 Kg6 36. Nxf4+ Kxh6 37. Nxd5 Kg5 38. Ne3 Kf4 39. Nd5+ Kxg4 40. Nxf6+ Kf3 41. Kb3 e3 42. fxe3 Kxe3 43. Nd5+ Ke4 44. Nc7 a5 45. Kc4 Nd8 46. Na6 a4 47. Nc5+ Kf5 48. Nxa4 Ke6 49. Nc5+ Kd6 50. a4 Kc6 51. a5 Nf7 52. d5+ Kc7 53. Ne6+ Kb7 54. Kc5 Ne5 55. c4 Ka6 56. Kd4 Nf7 57. c5 Kxa5 58. d6 Ka6 59. d7 Kb7 60. d8Q Nxd8 61. Nxd8+ Kc7 62. Ne6+ Kc6 63. Nf4 Kc7 64. Kd5 Kd7 65. c6+ Kc7 66. Ne6+ Kc8 67. Kd6 Kb8 68. Kd7 Ka7 69. c7 1-0

[Event "POL-ch U16"]
[Site "Szczyrk"]
[Date "2013.??.??"]
[Round "5"]
[White "Fronczak, Sebastian"]
[Black "Choina, Adam"]
[Result "1-0"]
[WhiteElo "1825"]
[BlackElo "1552"]
[PlyCount "43"]
[EventDate "2013.03.17"]
[EventType "swiss"]
[EventRounds "9"]
[EventCountry "POL"]
[SourceTitle "CBM 153 Extra"]
[Source "ChessBase"]
[SourceDate "2013.04.22"]
[SourceVersion "1"]
[SourceVersionDate "2013.04.22"]
[SourceQuality "1"]

1. e4 c5 2. Nf3 e6 3. c3 d5 4. exd5 Qxd5 5. d4 Nc6 6. Na3 a6 7. Nc4 Qd8 8. Be3 b5 9. Nce5 Nxe5 10. Nxe5 Qc7 11. a4 cxd4 12. Bxd4 Bd6 13. f4 b4 14. Qg4 Kf8 15. Nd7+ Ke8 16. Nb6 e5 17. Nxa8 Bxg4 18. Nxc7+ Bxc7 19. fxe5 bxc3 20. bxc3 a5 21. Bb5+ Ke7 22. 0-0 1-0

[Event "Kochan Memorial op 23rd"]
[Site "Koszalin"]
[Date "2012.08.16"]
[Round "7"]
[White "Fronczak, Sebastian"]
[Black "Januszkiewicz, Wojciech"]
[Result "1/2-1/2"]
[WhiteElo "1747"]
[BlackElo "1766"]
[PlyCount "40"]
[EventDate "2012.08.11"]
[EventType "swiss"]
[EventRounds "9"]
[EventCountry "POL"]
[SourceTitle "CBM 149 Extra"]
[Source "ChessBase"]
[SourceDate "2012.08.24"]
[SourceVersion "1"]
[SourceVersionDate "2012.08.24"]
[SourceQuality "1"]

1. e4 c5 2. c3 d5 3. exd5 Qxd5 4. d4 Nf6 5. Nf3 e6 6. Na3 Qd8 7. Nc2 Be7 8. Bc4 Qc7 9. Bb5+ Bd7 10. Bxd7+ Nbxd7 11. 0-0 0-0 12. Bg5 Rfe8 13. Re1 cxd4 14. Ncxd4 Nc5 15. Qc2 Rac8 16. Rad1 Na6 17. Qe2 Nc5 18. Qc2 Na6 19. Qe2 Nc5 20. Qc2 Na6 1/2-1/2

[Event "Kochan Memorial op 23rd"]
[Site "Koszalin"]
[Date "2012.08.15"]
[Round "6"]
[White "Bregoszewski, Leon"]
[Black "Fronczak, Sebastian"]
[Result "0-1"]
[WhiteElo "1685"]
[BlackElo "1747"]
[PlyCount "66"]
[EventDate "2012.08.11"]
[EventType "swiss"]
[EventRounds "9"]
[EventCountry "POL"]
[SourceTitle "CBM 149 Extra"]
[Source "ChessBase"]
[SourceDate "2012.08.24"]
[SourceVersion "1"]
[SourceVersionDate "2012.08.24"]
[SourceQuality "1"]

1. d4 c5 2. e3 cxd4 3. exd4 g6 4. f4 Bg7 5. Nf3 Nf6 6. Bd3 0-0 7. 0-0 d5 8. Nbd2 Nc6 9. c3 Qc7 10. Ne5 Nd7 11. Ndf3 f6 12. Nxd7 Bxd7 13. Bd2 e5 14. fxe5 fxe5 15. dxe5 Nxe5 16. Be2 Ng4 17. g3 Bc6 18. Nd4 Nf6 19. Bf4 Qb6 20. Qb3 Qc5 21. Bf3 Ne4 22. Bxe4 Bxd4+ 23. Kg2 Bg7 24. Rad1 Rad8 25. Bf3 Kh8 26. Rd2 Rd7 27. Rfd1 g5 28. Bxg5 Rxf3 29. Kxf3 d4+ 30. Kg4 h5+ 31. Kh4 Qf5 32. h3 Bf6 33. g4 Bxg5+ 0-1

[Event "Kochan Memorial op 23rd"]
[Site "Koszalin"]
[Date "2012.08.15"]
[Round "5"]
[White "Fronczak, Sebastian"]
[Black "Pilat, Wieslaw"]
[Result "0-1"]
[WhiteElo "1747"]
[BlackElo "1899"]
[PlyCount "66"]
[EventDate "2012.08.11"]
[EventType "swiss"]
[EventRounds "9"]
[EventCountry "POL"]
[SourceTitle "CBM 149 Extra"]
[Source "ChessBase"]
[SourceDate "2012.08.24"]
[SourceVersion "1"]
[SourceVersionDate "2012.08.24"]
[SourceQuality "1"]

1. e4 e6 2. d4 d5 3. Nc3 Nf6 4. Bg5 Be7 5. e5 Nfd7 6. Bxe7 Qxe7 7. f4 a6 8. Nf3 c5 9. Qd2 Nc6 10. dxc5 Nxc5 11. Bd3 Bd7 12. 0-0 0-0 13. Ne2 Rac8 14. Qe3 Nxd3 15. cxd3 Nb4 16. Ned4 Nc2 17. Nxc2 Rxc2 18. Rf2 Rfc8 19. Nd4 Rxf2 20. Kxf2 Qb4 21. Rb1 Qa4 22. a3 h6 23. g4 b5 24. f5 exf5 25. gxf5 b4 26. axb4 Qxb4 27. Rg1 Qxb2+ 28. Kg3 Kh7 29. e6 fxe6 30. fxe6 Re8 31. Kh3 Bc8 32. Qe5 Bxe6+ 33. Kh4 Qf2+ 0-1